Biblioteca y Centro de Documentación

La reforma del mercado de trabajo (Registro nro. 23385)

Detalles MARC
000 -CABECERA
Longitud fija campo de control 01593nam a2200445 c 4500
001 - NÚMERO DE CONTROL
Número de control 23385
003 - IDENTIFICADOR DE NÚMERO DE CONTROL
Identificador del número de control ES-MaCES
005 - FECHA Y HORA DE LA ÚLTIMA TRANSACCIÓN
Fecha y hora de la última transacción 20170309085456.0
008 - CAMPO FIJO DE DESCRIPCIÓN FIJA--INFORMACIÓN GENERAL
Códigos de información de longitud fija   101119s2010 sp t 000 | spa d
017 ## - NÚMERO DE REGISTRO DE DERECHOS DE AUTOR Y DEPÓSITO LEGAL
Número de copyright o de depósito legal VA 750-2010
Agencia que asigna el número DL
020 ## - ISBN (INTERNATIONAL STANDARD BOOK NUMBER)
Número Internacional Normalizado para Libros (ISBN) 9788498982626
035 ## - NÚMERO DE CONTROL DEL SISTEMA
Número de control del sistema CES20100009111m
040 ## - FUENTE DE CATALOGACIÓN
Centro catalogador de origen ES-MaCES
Lengua de catalogación spa
Centro transcriptor ES-MaCES
245 03 - MENCIÓN DE TÍTULO
Título La reforma del mercado de trabajo
Resto del título : Ley 35/2010, de 17 de septiembre
Mención de responsabilidad, etc. dirección, Ignacio García-Perrote Escartín y Jesús R. Mercader Uguina ; autores, Cristina Aragón Gómez ... [et al.]
250 ## - MENCIÓN DE EDICIÓN
Mención de edición 1ª ed
260 ## - PUBLICACIÓN, DISTRIBUCIÓN, ETC (PIE DE IMPRENTA)
Lugar de publicación, distribución, etc. Valladolid
Nombre del editor, distribuidor, etc. Lex Nova
Fecha de publicación, distribución, etc. 2010
300 ## - DESCRIPCIÓN FÍSICA
Extensión 432 p.
Dimensiones 24 cm
504 ## - NOTA DE BIBLIOGRAFÍA, ETC.
Nota de bibliografía, etc. Bibliografía
541 ## - NOTA DE LA FUENTE INMEDIANTE DE ADQUISICIÓN
Forma de adquisición Compra
610 14 - ASIENTO SECUNDARIO DE MATERIA--NOMBRE CORPORATIVO
Nombre de entidad corporativa o nombre de jurisdicción como elemento inicial España
Título de la obra Ley de medidas urgentes para la reforma del mercado de trabajo
Fecha del congreso o de la firma de un tratado 2010
9 (RLIN) 2998
650 #4 - ASIENTO SECUNDARIO DE MATERIA--TÉRMINO DE MATERIA
Término de materia o nombre geográfico como elemento inicial mercado de trabajo
9 (RLIN) 28292
650 #4 - ASIENTO SECUNDARIO DE MATERIA--TÉRMINO DE MATERIA
Término de materia o nombre geográfico como elemento inicial reforma legislativa
9 (RLIN) 29892
650 #4 - ASIENTO SECUNDARIO DE MATERIA--TÉRMINO DE MATERIA
Término de materia o nombre geográfico como elemento inicial condiciones de trabajo
9 (RLIN) 28327
650 #4 - ASIENTO SECUNDARIO DE MATERIA--TÉRMINO DE MATERIA
Término de materia o nombre geográfico como elemento inicial condiciones de empleo
9 (RLIN) 30040
650 #4 - ASIENTO SECUNDARIO DE MATERIA--TÉRMINO DE MATERIA
Término de materia o nombre geográfico como elemento inicial contratación
9 (RLIN) 28323
650 #4 - ASIENTO SECUNDARIO DE MATERIA--TÉRMINO DE MATERIA
Término de materia o nombre geográfico como elemento inicial despido
9 (RLIN) 28352
650 #4 - ASIENTO SECUNDARIO DE MATERIA--TÉRMINO DE MATERIA
Término de materia o nombre geográfico como elemento inicial negociación colectiva
9 (RLIN) 28362
650 #4 - ASIENTO SECUNDARIO DE MATERIA--TÉRMINO DE MATERIA
Término de materia o nombre geográfico como elemento inicial España
9 (RLIN) 26964
650 #4 - ASIENTO SECUNDARIO DE MATERIA--TÉRMINO DE MATERIA
Término de materia o nombre geográfico como elemento inicial legislación del trabajo
9 (RLIN) 27166
650 #4 - ASIENTO SECUNDARIO DE MATERIA--TÉRMINO DE MATERIA
Término de materia o nombre geográfico como elemento inicial 2010
9 (RLIN) 31233
650 #4 - ASIENTO SECUNDARIO DE MATERIA--TÉRMINO DE MATERIA
Término de materia o nombre geográfico como elemento inicial campo de aplicación
9 (RLIN) 30263
653 10 - TÉRMINO DE INDEXACIÓN--NO CONTROLADO
Término no controlado Derecho del trabajo y Seguridad Social
650 #4 - ASIENTO SECUNDARIO DE MATERIA--TÉRMINO DE MATERIA
9 (RLIN) 28369
Término de materia o nombre geográfico como elemento inicial relaciones laborales
700 1# - ENCABEZAMIENTO SECUNDARIO--NOMBRE PERSONAL
Nombre de persona Aragón Gómez, Cristina
9 (RLIN) 6410
700 1# - ENCABEZAMIENTO SECUNDARIO--NOMBRE PERSONAL
Nombre de persona García-Perrote Escartín, Ignacio
Término indicativo de función dir.
9 (RLIN) 13032
700 1# - ENCABEZAMIENTO SECUNDARIO--NOMBRE PERSONAL
9 (RLIN) 18447
Nombre de persona Mercader Uguina, Jesús R.
Término indicativo de función dir.
902 ## - CES. TIPO DE DOCUMENTO
Tipodoc (006$c Sirtex) LIB Libro
942 ## - ELEMENTOS KOHA
Fuente de clasificaión o esquema Clasificación propia del CES
Koha [por defecto] tipo de item Monografías
Parte de clasificación 6.0.1.
Existencias
Número de registro Signatura completa Tipo de item de Koha
078098 SR-6.0.1.-227 Monografías
© CES, Consejo Económico y Social de España 2021